Yüklüyor......
Beginnings and blunders /
| Yazar: | |
|---|---|
| Materyal Türü: | Printed Book |
| Dil: | English |
| Baskı/Yayın Bilgisi: |
Heinemann,
1970.
|
| LEADER | 00435nam a2200133Ia 4500 | ||
|---|---|---|---|
| 008 | 150624b xxu||||| |||| 00| 0 eng d | ||
| 082 | |a 913.031 | ||
| 100 | |a Hogben, Lancelot | ||
| 245 | |a Beginnings and blunders / |c Lancelot Hogben | ||
| 260 | |b Heinemann, |c 1970. | ||
| 300 | |a 110 p. | ||
| 942 | |c BK | ||
| 999 | |c 1014 |d 1014 | ||
| 952 | |0 0 |1 0 |4 0 |6 913_031000000000000_HOG_B |7 0 |9 1013 |a UL |b UL |c ST2 |d 1998-09-24 |l 0 |o 913.031 HOG/B |p 2754 |r 2012-10-27 |w 2012-10-27 |y BK | ||